Social Jetlag in the Context of Work and Family

Prepojenie medzi sociálnym, pracovným a rodinným stavom z pôvodnej sociálnej perspektívy. Nesúlad medzi sociálnym a biologickým časom a spoločenské povinnosti, ktoré sú v rozpore s chronotypom jednotlivca. Súvisiace javy a negatívne zdravotné, kognitívne a psychologické následky.

Gespeichert in:
Bibliographische Detailangaben
1. Verfasser: Kudrnáčová, Michaela
Weitere Verfasser: Hamplová, Dana
Format: Buchkapitel
Sprache:Englisch
Schlagworte:
Tags: Tag hinzufügen
Keine Tags, Fügen Sie das erste Tag hinzu!

MARC

LEADER 00000naa a2200000 4500
001 0288195
005 20221011140911.3
041 0 |a eng 
044 |a SK 
245 1 0 |a Social Jetlag in the Context of Work and Family  |c Michaela Kudrnáčová, Dana Hamplová 
520 |a Prepojenie medzi sociálnym, pracovným a rodinným stavom z pôvodnej sociálnej perspektívy. Nesúlad medzi sociálnym a biologickým časom a spoločenské povinnosti, ktoré sú v rozpore s chronotypom jednotlivca. Súvisiace javy a negatívne zdravotné, kognitívne a psychologické následky. 
610 2 0 |a správanie sociálne 
610 2 0 |a práca 
610 2 0 |a rodina 
610 2 0 |a zamestnanosť 
610 2 0 |a rozhodovanie 
610 2 0 |a potreby spoločenské 
610 2 0 |a vedy spoločenské 
100 1 |a Kudrnáčová, Michaela 
700 1 |a Hamplová, Dana